000 01701cam a2200313 i 4500
003 SA-RiAUC
005 20241211142725.0
008 241211s1998 su g b 000 0 ara c
040 _aJO-MaAABU
_bara
_cSA-RiAUC
_erda
050 4 _bM83 1998
082 0 4 _a215
_qSA-RiAUC
090 _a215
_b م ع ل
100 1 _aالمعلمي، عبد الرحمن بن يحيى بن علي،
_d1313-1386 هجري
_eمؤلف.
245 1 0 _aعمارة القبور ؛
_bيليها الأحاديث التي استشهد بها مسلم في بحث الخلاف في اشتراط العلم باللقاء ؛ يليها فهرس لبعض نوادر مخطوطات مكتبة الحرم /
_cتأليف عبد الرحمن بن يحيى بن علي المعلمي العتمي اليماني ثم المكي.
264 1 _aمكة المكرمة :
_bالمكتبة المكية،
_c1998
300 _a445 صفحة؛
_c24 سم
336 _aنص
_btxt
_2rdacontent
_3كتاب
337 _aبدون وسيط
_bn
_2rdamedia
338 _aمجلد
_bnc
_2rdacarrier
490 0 _aسلسلة رسائل المعلمي ؛
_v9-7
490 0 _aآثار الشيخ العلامة عبد الرحمن بن يحيى المعلمي ؛
_v5
504 _aيشتمل على إرجاعات ببليوجرافية.
650 7 _aالمقابر
_xزيارة
_2aucsh
650 7 _aالمقابر (فقه إسلامي)
_2aucsh
740 2 2 _aالأحاديث التي استشهد بها مسلم في بحث الخلاف في اشتراط العلم باللقاء.
740 0 2 _aفهرس لبعض نوادر مخطوطات مكتبة الحرم.
942 _2ddc
_cBOOK
_n0
949 _aSA-JeALM
_d241211
_umohamedma123
_n1
999 _c3350
_d3350